Raymond Loewy: un pionnier du design américains

I tiakina i:
Ngā taipitopito rārangi puna kōrero
Kaituhi matua: Burkhardt, Franois (Author)
Hōputu: Pukapuka
Reo:Wīwī
I whakaputaina: París Centre Georges Pompidou 1990
Rangatū:Collection Monographie
Ngā marau:
Ngā Tūtohu: Tāpirihia he Tūtohu
Kāore He Tūtohu, Me noho koe te mea tuatahi ki te tūtohu i tēnei pūkete!

MARC

LEADER 00000nam a2200000 a 4500
001 UCV9940
003 CL-VaPUC
008 930804e19900000FR |||||||||||||||||fre|d
082 0 4 |a 745.4473  |b BUR  |2 21 
100 0 |a Burkhardt, Franois  |e author  |9 303920 
245 1 0 |a Raymond Loewy: un pionnier du design américains 
300 |a 199 p 
942 |c BK 
945 |d 19930804 00:00:00 
260 |a París  |b Centre Georges Pompidou  |c 1990 
500 |a Publicado con ocasión de la exposición presentada desde el 27 de junio al 24 de septiembre de 1990 en el Centro Georges Pompidou 
500 |a Exposición original organizada por Angela Schöenberger entre marzo y abril de 1990 en Berlín 
600 0 7 |a LOEWY, RAYMOND  |2 CL-VaPUC  |9 268909 
650 7 |a DISEÑO SIGLO 20  |2 CL-VaPUC  |9 268910 
650 7 |a DISEÑO EXPOSICIONES  |2 CL-VaPUC  |9 268911 
651 0 |a Estados Unidos  |9 255178 
583 |a last modification  |c 19930804 00:00:00  |k Rodrigo Vera 
490 0 |a Collection Monographie 
999 |c 215210  |d 215208 
952 |0 0  |1 0  |4 0  |6 745_447300000000000_BUR_1990  |7 0  |8 P  |9 199243  |a BIBARQ  |b BIBARQ  |d 2019-11-14  |i 2665573  |o 745.4473 BUR 1990  |p 2665573  |r 2025-01-20  |w 2019-11-14  |y BK  |k ARQ